¿Combate Saca la corrupción?

Збережено в:
Бібліографічні деталі
Формат: Текст
Предмети:
Теги: Додати тег
Немає тегів, Будьте першим, хто поставить тег для цього запису!

MARC

LEADER 00000 a a2200000 04500
001 6719
003
040
245 |a ¿Combate Saca la corrupción?  
650 |a CORRUPCION  
650 |a GOBIERNO  
650 |a EL SALVADOR  
773 |g volumen 26, número 1149; páginas 4-5  
999 |c 22495  |d 22495